| 000 | 01017pam a2200301 a 4500 | ||
|---|---|---|---|
| 001 | 006936482 | ||
| 003 | OSt | ||
| 005 | 20140105155743.0 | ||
| 008 | 140105s2005 xxk||||frb 001 0 eng d | ||
| 020 | _a0714655309 (cased) | ||
| 020 | _a0714684279 (pbk.) | ||
| 020 | _a9780714684277 | ||
| 040 |
_aStDuBDS _beng _cStDuBDS _dUk |
||
| 043 |
_aaw----- _ae------ |
||
| 082 | 0 | 4 |
_a327.5604 _222 _bANA |
| 245 | 0 | 0 |
_aAnalyzing Middle East foreign policies and the relationship with Europe / _cedited by Gerd Nonneman. |
| 250 | _a1st ed. | ||
| 260 |
_aLondon ; _aNew York, United States : _bRoutledge Taylor & Francis Group, _c2005. |
||
| 300 |
_a269 p. ; _c25 cm. |
||
| 500 | _aIndex : p. 263-269. | ||
| 504 | _aIncludes bibliographical references. | ||
| 651 | 0 |
_aMiddle East _xForeign relations _zEurope _934783 |
|
| 651 | 0 |
_aEurope _xForeign relations _zMiddle East _934784 |
|
| 653 |
_bPol _cJanuary2014 |
||
| 655 |
_vreading book _934232 |
||
| 700 | 1 |
_aNonneman, Gerd _934785 _eeditor. |
|
| 942 |
_2ddc _cBB _k327.5604 ANA |
||
| 999 |
_c17901 _d17873 |
||